00000000nam##2200000za#4500
0019.681152
003CaOODSP
00520200330070005
007ta
008150407|2000||||xxc|||||     f|0| 0 fre|d
020 |a0-662-84775-X
040 |aCaOODSP|bfre
043 |an-cn---
0861 |aFo42-308/2000F
1101 |aCanada.|bRessources naturelles Canada. |bService canadien des forêts.
24510|aActes du symposium de la réunion des partenaires du Réseau canadien de forêts modèles, Halifax (Nouvelle-Écosse), les 8 et 9 septembre, 1999
260 |aOttawa - Ontario : |bRessources naturelles Canada. |c2000.
300 |aii, 80p. : |bill., tableaux ; |c28 cm.
563 |aReliure à spirale
590 |a01-10|b2001-03-09
69107|aForêt modèle|2gcpds
69107|aGestion forestière|2gcpds
69107|aGestion de l'environnement|2gcpds
77508|tProceedings of the Canadian Model Forest Network's Partnership Meeting, Halifax, NS, September 8-9, 1999 |w(CaOODSP)9.647773
7760#|tActes du symposium de la réunion des partenaires du Réseau canadien de forêts modèles : |w(CaOODSP)9.640073